000
00282nam a22001337a 4500
008
180205b xxu||||| |||| 00| 0 eng d
020
_a
9780071117227
041
_a
eng
080
_a
611
100
_a
6
101
_a
ANA
245
_a
HUMAN ANATOMY
_c
MICHAEL.M
942
_2
udc
_c
BK
999
_c
41817
_d
41817